| 000 | 00915cab a2200277 4500 | ||
|---|---|---|---|
| 001 | X913 | ||
| 008 | 090401t1993 xxu||||| |||| 00| 0 eng d | ||
| 035 | _a(Sirsi) u68216 | ||
| 041 | _aeng | ||
| 100 | _aRoberts, S. | ||
| 245 | _aHow infrastructure can go green | ||
| 260 | _c1993 | ||
| 350 | _a0 | ||
| 490 |
_aCSM (Chartered Surveyor Monthly) _v2(10) July/August 1993, 16(1) |
||
| 520 | _aThe first in a series of articles examining how chartered surveyors can promote themselves as environmental consultants. Looks at opportunities in the infrastructure market. | ||
| 650 | _aENVIRONMENTAL CONSULTANCY | ||
| 650 | _aENVIRONMENTAL POLICY | ||
| 650 | _aGREEN BUSINESS PROGRAMME | ||
| 650 |
_aInfrastructure _96246 |
||
| 650 | _aRICS | ||
| 650 | _aURBAN REGENERATION | ||
| 690 | _aENVIRONMENTAL AND LAND CONSULTANCY | ||
| 690 | _aTRANSPORT AND COMMUNICATIONS | ||
| 942 | _n0 | ||
| 948 | _c04/03/1997 | ||
| 999 |
_c42781 _d42781 |
||